00669nam a22001937a 450000500170000001000150001702000230003203500130005503700130006808200060008110000320008724500610011926000370018027000720021730000190028994200200030899900170032895201300034520100820114431.0 aENG-101101 a8183411371c150.00 aEN-84634 bDBAD/PUB aN aDoyle, Arthur Conan 917151 aThe return of sherlock holmes /cby Arthur Conan Doyle  aDelhibRohan Book Company c2004 aG-22 Indraprastha Apptt.Patpar Ganj Plot No-114 bNew Delhie110092 a344pc18cm(Hb) 2ddccENhNmDOY c42675d42675 001040718FICaDBADbDBADd2010-08-20eDBAD/PUBg150.00l0oN DOYpEN-84634r2010-08-20 00:00:00t1v150.00w2010-08-20yEN